Isle of Wight Train Stations - Statistics

General Stats
  • This quiz has been taken 86 times
  • The average score is 6 of 8
Answer Stats
Island Line % Correct
Shanklin
86%
Ryde Esplanade
83%
Ryde Pier Head
83%
Sandown
75%
Lake
66%
Brading
58%
Ryde St John's Road
55%
Smallbrook Junction
53%
No matching quizzes found
Score Distribution
Percent of People with Each Score
Percentile by Number Answered
Your Score History
You have not taken this quiz